00763 2200265 4500001002100000005001700021008004100038035002400079040001200103082001000115090001700125100001400142245013400156250001100290260002800301300002500329650001800354700001500372700002800387700003100415850001200446990001300458990001300471990001300484YOGYA-0209000000670920090227020932.0 ind  0010-020900000006709 aYOPDYOG a741.5 a741.5bKhu I aKhu, Lung aThe Impeccable twinsbPrahara Kiu MoaycKhu Lung, Ho Ce Wen; alih bahasa Pangesti Atmadibrata B; editor Sri Anggraeni Puspitasari aCet. 1 aJakartabGramediac2003 a182 hlmbilusc20 cm aKomik, Bacaan aHo, Ce Wen aAtmadibrata B, Pangesti aPuspitasari, Sri Anggraeni aYOPDYOG a04P01846 a04P01847 a04P01848